000 00861nam a2200241 a 4500
999 _c11118
_d11118
001 11118
003 BD-JhCC
005 20190730133232.0
008 190630b 2012bg |||| ||a| 000 0 ben d
020 _a9789844950306
035 _a(BD-JhCC)11118
040 _aBD-JhCC
_dBD-JhCC
041 _aben
082 _a640
_bSIM 2012
100 _aসীমা, এলিজা হক
245 _aসংসার জীবনের নানা দিক /
_cসম্পাদনা: মাহামুদুল হক জাহাঙ্গীর ।
260 _aঢাকা:
_bপার্ল পাবলিকেশন্স;
_c২০১২.
300 _a৩৬৭ পৃঃ . :
_c২২ সেমি.
650 _aHome Economics
700 _aজাহাঙ্গীর , মাহামুদুল হক
942 _2ddc
_cBK